00543nam a2200181Ii 45000010005000000030009000050080041000140400033000550410008000880820016000961000024001122450092001362640040002283000012002683360026002803370028003063380027003342383CO-ViMGA241108s9999||||xx |||||||||||||| ||und|| aCO-ViMGAbspaerdacCO-ViMGA0 aspa04a302.23 G45i1 aFrancisco Gil Tovar10aIniciación a la comunicación social:bPeriodismo, Relaciones públicas, Publicidad 1aBogotá, Colombia : Paulinas, 1984 avolumen atextbtxt2rdacontent aunmediatedbn2rdamedia avolumebnc2rdacarrier